I fucilati di Verona.

Saved in:
Bibliographic Details
Main Author: Caudana, Mino.
Format: Book
Language:Italian
Published: Roma, Centro editoriale nazionale [1961]
Edition:[Ed. riv.]
Subjects:
Tags: Add Tag
No Tags, Be the first to tag this record!
LEADER 00565nam a2200205I 4500
001 004347370-9
005 20020606095253.2
008 911113s1961 it ach 000 0 ita
010 |a  65049567  
035 0 |a ocm24776497 
040 |a DLC  |c CUY  |d HLS 
050 0 |a DG572  |b .C38 1961 
100 1 |a Caudana, Mino. 
245 1 2 |a I fucilati di Verona. 
250 |a [Ed. riv.] 
260 |a Roma,  |b Centro editoriale nazionale  |c [1961] 
300 |a 535 p.  |b illus., facsims., ports.  |c 21 cm. 
650 0 |a Verona Trial, Verona, Italy, 1943-1944. 
988 |a 20020608 
906 |0 DLC